000
00303nam a2200157Ia 4500
100
_a
Boyles/Tim
650
_a
CCNA
942
_c
BK
366
_f
20
654
_a
CCNA
245
_a
CCNA security study guide
260
_b
Wiley
_c
2010
082
_a
4.65
_b
BOY
300
_a
516
546
_a
ENGLISH
999
_c
24569
_d
24569